[Event "Dr Geza Hetenyi Mem GM"]
[Site "Budapest HUN"]
[Date "2017.12.16"]
[Round "5.5"]
[White "Indjic, Aleksandar"]
[Black "Ruck, Robert"]
[Result "1-0"]
[WhiteTitle "GM"]
[BlackTitle "GM"]
[WhiteElo "2611"]
[BlackElo "2529"]
[WhiteFideId "911925"]
[BlackFideId "705713"]
[EventDate "2017.12.12"]

1. d4 Nf6 2. c4 g6 3. Nc3 d5 4. cxd5 Nxd5 5. Bd2 Bg7 6. e4 Nb6 7. Be3 O-O 8. h3
e5 9. dxe5 Bxe5 10. Qc2 Nc6 11. Nf3 Bg7 12. Rd1 Qe7 13. Bb5 f5 14. O-O Nb4 15.
Qe2 fxe4 16. Ng5 c6 17. Ncxe4 cxb5 18. Bc5 Qe5 19. Bxb4 Bd7 20. f4 Qxb2 21. Qxb2
Bxb2 22. Rf2 Bg7 23. Bxf8 Rxf8 24. Nc5 Bc6 25. Nge6 Re8 26. Nxg7 Kxg7 27. f5
gxf5 28. Rxf5 Re2 29. Rf2 Re5 30. Nb3 b4 31. Nd4 Bd5 32. Rd3 h6 33. Rg3+ Rg5 34.
Re3 Nc4 35. Re7+ Kg6 36. Ne2 Bc6 37. Nf4+ Kf6 38. Nd5+ 1-0

[Event "Dr Geza Hetenyi Mem GM"]
[Site "Budapest HUN"]
[Date "2017.12.18"]
[Round "6.1"]
[White "Berkes, Ferenc"]
[Black "Indjic, Aleksandar"]
[Result "1/2-1/2"]
[WhiteTitle "GM"]
[BlackTitle "GM"]
[WhiteElo "2658"]
[BlackElo "2611"]
[WhiteFideId "718572"]
[BlackFideId "911925"]
[EventDate "2017.12.12"]

1. d4 Nf6 2. Nf3 d5 3. Bf4 Bf5 4. e3 e6 5. Bd3 Bxd3 6. Qxd3 c6 7. O-O Bd6 8.
Bxd6 Qxd6 9. Nbd2 Nbd7 10. c4 O-O 11. Rac1 Rfe8 12. Rfd1 e5 13. dxe5 Nxe5 14.
Nxe5 Qxe5 15. Qb3 Qe7 16. Nf3 Rad8 17. h3 g6 18. a3 Rd7 19. cxd5 Rxd5 20. Rxd5
Nxd5 21. Rd1 f5 22. Nd4 Qf7 23. Ne2 Re7 24. Qc2 Rd7 25. b4 Nf6 26. Nf4 Rxd1+ 27.
Qxd1 Nd5 28. Nxd5 Qxd5 29. Qxd5+ cxd5 30. Kf1 Kf7 31. Ke2 Ke6 32. Kd3 Ke5 33. g3
h6 34. a4 b6 35. f3 Kd6 36. Kd4 Ke6 37. h4 Kd6 38. g4 h5 39. gxh5 gxh5 40. b5
Ke6 41. f4 1/2-1/2

[Event "Dr Geza Hetenyi Mem GM"]
[Site "Budapest HUN"]
[Date "2017.12.18"]
[Round "6.2"]
[White "Gledura, Benjamin"]
[Black "Ruck, Robert"]
[Result "1/2-1/2"]
[WhiteTitle "GM"]
[BlackTitle "GM"]
[WhiteElo "2613"]
[BlackElo "2529"]
[WhiteFideId "712779"]
[BlackFideId "705713"]
[EventDate "2017.12.12"]

1. Nf3 d5 2. g3 g6 3. Bg2 Bg7 4. O-O Nf6 5. d3 O-O 6. Nbd2 Nc6 7. e4 dxe4 8.
dxe4 a5 9. a4 e5 10. Re1 Qe7 11. c3 b6 12. Bf1 Rd8 13. Bb5 Na7 14. Bc4 Bg4 15.
Qc2 Nc8 16. h3 Bd7 17. Bf1 Nd6 18. b3 h6 19. Kh2 c5 20. Nc4 Nxc4 21. Bxc4 Bc6
22. Nd2 Ra7 23. Bb5 Bxb5 24. axb5 Qd7 25. Nc4 Qxb5 26. Nxe5 Re7 27. Nc4 Qc6 28.
f3 Ne8 29. Kg2 Nd6 30. Rd1 Red7 31. Ne3 f5 32. exf5 Nxf5 33. Nxf5 gxf5 34. Rxd7
Qxd7 35. Bf4 Qd3 36. Rc1 b5 37. Bc7 Qd2+ 38. Kf1 Qxc2 39. Rxc2 Rd1+ 40. Ke2 Ra1
41. g4 c4 42. bxc4 bxc4 43. Ke3 a4 44. Kf4 fxg4 45. hxg4 a3 46. Be5 Rb1 47. Bxg7
Kxg7 48. Ke3 Rd1 49. f4 Rd3+ 50. Ke4 Kg6 51. Ke5 Kf7 52. Kf5 1/2-1/2

[Event "Dr Geza Hetenyi Mem GM"]
[Site "Budapest HUN"]
[Date "2017.12.18"]
[Round "6.3"]
[White "Vajda, Levente"]
[Black "Markus, Robert"]
[Result "1/2-1/2"]
[WhiteTitle "GM"]
[BlackTitle "GM"]
[WhiteElo "2579"]
[BlackElo "2617"]
[WhiteFideId "1203975"]
[BlackFideId "921637"]
[EventDate "2017.12.12"]

1. Nf3 Nf6 2. g3 g6 3. Bg2 Bg7 4. O-O O-O 5. c4 c6 6. d4 d5 7. Ne5 Ng4 8. Nxg4
Bxg4 9. cxd5 cxd5 10. h3 Be6 11. Nc3 Nc6 12. e4 Nxd4 13. exd5 Bf5 14. Bg5 Qb6
15. Be3 e5 16. dxe6 Bxe6 17. Qa4 Rfd8 18. Rad1 Qxb2 19. Rxd4 Qxc3 20. Rxd8+ Rxd8
21. Qxa7 Bd4 22. Bxd4 Qxd4 23. Qxd4 Rxd4 24. Rb1 Ra4 25. Rxb7 Rxa2 26. h4 Ra1+
27. Kh2 Ra2 28. Kg1 Ra1+ 29. Kh2 Ra2 30. Kg1 Ra1+ 1/2-1/2

[Event "Dr Geza Hetenyi Mem GM"]
[Site "Budapest HUN"]
[Date "2017.12.18"]
[Round "6.5"]
[White "Bauer, Christian"]
[Black "Medvegy, Zoltan"]
[Result "0-1"]
[WhiteTitle "GM"]
[BlackTitle "GM"]
[WhiteElo "2647"]
[BlackElo "2539"]
[WhiteFideId "603767"]
[BlackFideId "708402"]
[EventDate "2017.12.12"]

1. c4 Nf6 2. Nc3 e6 3. Nf3 b6 4. e4 Bb7 5. Bd3 c5 6. O-O d6 7. Bc2 e5 8. b4 Be7
9. bxc5 bxc5 10. Rb1 Qd7 11. d3 O-O 12. Bg5 Bc6 13. Nd5 Nxd5 14. cxd5 Bb7 15.
Ba4 Qc7 16. Qb3 Bc8 17. Be3 Nd7 18. Nd2 Rb8 19. Qa3 Rxb1 20. Rxb1 Nb6 21. Bb5 h6
22. Nb3 f5 23. Na5 a6 24. Bc6 f4 25. Bd2 Bd8 26. Qc1 Qf7 27. Qd1 g5 28. Nb3 Nd7
29. Ba5 Be7 30. Nd2 h5 31. Bc7 g4 32. Nc4 Qg6 33. Bb7 g3 34. f3 gxh2+ 35. Kh1
Kh8 36. Qf1 h4 37. Bxc8 Rxc8 38. Rb7 Nf8 39. Bb8 Qf6 40. Na5 Ng6 41. Nc6 Rg8 42.
Rb2 h3 43. gxh3 Nh4 44. Rxh2 Rg3 45. Rf2 Bd8 46. a4 a5 47. Kh2 Bb6 48. Ba7 Bc7
49. Bb8 Bxb8 50. Nxb8 Qf7 0-1

[Event "Dr Geza Hetenyi Mem GM"]
[Site "Budapest HUN"]
[Date "2017.12.19"]
[Round "7.1"]
[White "Markus, Robert"]
[Black "Aczel, Gergely"]
[Result "1/2-1/2"]
[WhiteTitle "GM"]
[BlackTitle "IM"]
[WhiteElo "2617"]
[BlackElo "2549"]
[WhiteFideId "921637"]
[BlackFideId "727709"]
[EventDate "2017.12.12"]

1. d4 Nf6 2. c4 e6 3. Nf3 d5 4. g3 dxc4 5. Bg2 Bb4+ 6. Bd2 a5 7. a3 Bxd2+ 8.
Nbxd2 b5 9. b3 cxb3 10. Qxb3 c6 11. O-O Nbd7 12. Rfc1 Bb7 13. Ne1 Qb6 14. Qb2
O-O 15. Nd3 Rfd8 16. Nb3 h6 17. Bf3 Nd5 18. Nbc5 Nxc5 19. Rxc5 Nf6 20. Rac1 Nd7
21. R5c2 Rac8 22. Rb1 Rc7 23. h4 Rdc8 24. Nc5 Ba6 25. Qc3 Rd8 26. Kg2 Bc8 27.
Rd2 Qa7 28. Rbd1 Nb6 29. Rd3 Nc4 30. Be4 Nd6 31. f4 Nxe4 32. Nxe4 Qb6 33. Nc5
Bd7 34. g4 b4 35. Qb2 Rb8 36. g5 h5 37. Rb3 Bc8 38. axb4 axb4 39. Ra1 Ra7 40.
Rxa7 Qxa7 41. Rxb4 Rxb4 42. Qxb4 Qa2 43. Kf2 Qa1 1/2-1/2

[Event "Dr Geza Hetenyi Mem GM"]
[Site "Budapest HUN"]
[Date "2017.12.19"]
[Round "7.2"]
[White "Medvegy, Zoltan"]
[Black "Gledura, Benjamin"]
[Result "1/2-1/2"]
[WhiteTitle "GM"]
[BlackTitle "GM"]
[WhiteElo "2539"]
[BlackElo "2613"]
[WhiteFideId "708402"]
[BlackFideId "712779"]
[EventDate "2017.12.12"]

1. c4 c5 2. g3 g6 3. Bg2 Bg7 4. Nc3 Nc6 5. d3 Nf6 6. e4 O-O 7. Nge2 d6 8. O-O
Ne8 9. Be3 Nd4 10. Qd2 Nc7 11. Bh6 Bxh6 12. Qxh6 e5 13. f4 Bg4 14. Rae1 Nc2 15.
Rc1 Nd4 16. Nxd4 cxd4 17. Nd1 Bxd1 18. Rcxd1 Qf6 19. f5 Qg7 20. Qd2 f6 21. Rc1
b6 22. Bf3 a5 23. Bd1 Qd7 24. h4 Na6 25. Rf2 Nc5 26. Be2 Qg7 27. fxg6 hxg6 28.
Bg4 Ra7 29. Rcf1 Raf7 30. Kg2 Qh7 31. h5 gxh5 32. Bf5 Qg7 33. Rh1 Qg5 34. Qxg5+
fxg5 35. Rxh5 Nxd3 36. Rd2 Nc5 37. Rxg5+ Rg7 38. Rh5 Kf7 39. Rh6 Ke7 40. Kf3 b5
41. b3 bxc4 42. bxc4 Rb8 43. Rdh2 a4 44. Rh7 Kf7 45. g4 d3 46. g5 Rb1 47. Ke3 a3
48. g6+ Kf6 49. Rh8 Re1+ 50. Kd2 Ra1 51. Ke3 Re1+ 52. Kd2 Ra1 53. Ke3 1/2-1/2

[Event "Dr Geza Hetenyi Mem GM"]
[Site "Budapest HUN"]
[Date "2017.12.19"]
[Round "7.3"]
[White "Banusz, Tamas"]
[Black "Bauer, Christian"]
[Result "1-0"]
[WhiteTitle "GM"]
[BlackTitle "GM"]
[WhiteElo "2629"]
[BlackElo "2647"]
[WhiteFideId "722413"]
[BlackFideId "603767"]
[EventDate "2017.12.12"]

1. Nf3 b6 2. g3 Bb7 3. Bg2 c5 4. c4 g6 5. O-O Bg7 6. d4 Nc6 7. d5 Na5 8. Qc2 d6
9. e4 a6 10. Nbd2 b5 11. Rb1 Nf6 12. b3 O-O 13. Bb2 Bc8 14. Rbd1 Rb8 15. Bc3 Qb6
16. h3 e5 17. dxe6 Bxe6 18. e5 Bf5 19. Qc1 dxe5 20. Nxe5 b4 21. Bb2 Rbd8 22.
Rfe1 Bh6 23. g4 Bc8 24. Nef3 Bg7 25. Qa1 Bb7 26. Nf1 Rxd1 27. Rxd1 Bxf3 28. Bxf3
Ne8 29. Ne3 Bxb2 30. Qxb2 Nc6 31. Bxc6 Qxc6 32. Nd5 Qe6 33. Rd3 h6 34. Re3 Qd6
35. Re4 f5 36. gxf5 gxf5 37. Re7 Nf6 38. Qe5 Qxe5 39. Rxe5 Ne4 40. Ne7+ Kh7 41.
Nxf5 Nc3 42. Rxc5 Nxa2 43. Rc7+ Kg6 44. Ne7+ Kf6 45. Nc6 Nc1 46. Ra7 Nxb3 47.
Rxa6 Nd2 48. Nxb4+ Kf5 49. Nd5 Ke5 1-0

[Event "Dr Geza Hetenyi Mem GM"]
[Site "Budapest HUN"]
[Date "2017.12.19"]
[Round "7.4"]
[White "Indjic, Aleksandar"]
[Black "Vajda, Levente"]
[Result "1-0"]
[WhiteTitle "GM"]
[BlackTitle "GM"]
[WhiteElo "2611"]
[BlackElo "2579"]
[WhiteFideId "911925"]
[BlackFideId "1203975"]
[EventDate "2017.12.12"]

1. d4 d5 2. c4 e6 3. Nc3 Nf6 4. cxd5 exd5 5. Bg5 c6 6. e3 Nbd7 7. Bd3 Be7 8. h3
O-O 9. Bf4 Re8 10. Nf3 Nf8 11. Qc2 Bd6 12. Bxd6 Qxd6 13. Rb1 Qe7 14. b4 a6 15.
O-O Ng6 16. a4 Ne4 17. b5 axb5 18. axb5 Ng5 19. Nxg5 Qxg5 20. f4 Qh6 21. Rbe1
Nf8 22. e4 dxe4 23. Bxe4 Bd7 24. f5 Qh4 25. f6 Ra3 26. Qb2 Raa8 27. fxg7 Ng6 28.
d5 Bf5 29. bxc6 bxc6 30. dxc6 Rab8 31. Qa1 Ra8 32. Qb1 Nf4 33. Bxf5 Qg3 34.
Rxe8+ Rxe8 35. Qc2 Re2 36. Qxe2 Nxe2+ 37. Nxe2 Qe3+ 38. Rf2 Qc5 39. Bd7 Kxg7 40.
g3 1-0

[Event "Dr Geza Hetenyi Mem GM"]
[Site "Budapest HUN"]
[Date "2017.12.19"]
[Round "7.5"]
[White "Ruck, Robert"]
[Black "Berkes, Ferenc"]
[Result "1/2-1/2"]
[WhiteTitle "GM"]
[BlackTitle "GM"]
[WhiteElo "2529"]
[BlackElo "2658"]
[WhiteFideId "705713"]
[BlackFideId "718572"]
[EventDate "2017.12.12"]

1. Nf3 Nf6 2. c4 e6 3. Nc3 d5 4. d4 a6 5. cxd5 exd5 6. Bg5 Be6 7. e3 Nbd7 8. Bd3
Bd6 9. O-O c6 10. Qc2 Qc7 11. Bh4 h6 12. Rac1 O-O 13. Bg3 Rfe8 14. Nd2 Bxg3 15.
hxg3 Re7 16. Na4 Rae8 17. Rfe1 h5 18. b4 Ng4 19. Nf1 Qd8 20. Qb1 g6 21. f3 Ngf6
22. Qb2 Kg7 23. Nc5 Nxc5 24. dxc5 Bd7 25. Rcd1 Re5 26. Bc2 Kg8 27. Rd4 Qe7 28.
Red1 Bf5 29. Bb3 Bc8 30. Qc3 g5 31. e4 dxe4 32. f4 gxf4 33. gxf4 Rf5 34. Qg3+
Ng4 35. Ne3 Rf6 1/2-1/2

[Event "Dr Geza Hetenyi Mem GM"]
[Site "Budapest HUN"]
[Date "2017.12.20"]
[Round "8.1"]
[White "Aczel, Gergely"]
[Black "Indjic, Aleksandar"]
[Result "0-1"]
[WhiteTitle "IM"]
[BlackTitle "GM"]
[WhiteElo "2549"]
[BlackElo "2611"]
[WhiteFideId "727709"]
[BlackFideId "911925"]
[EventDate "2017.12.12"]

1. d4 Nf6 2. c4 c5 3. d5 e6 4. Nc3 exd5 5. cxd5 d6 6. e4 g6 7. Bd3 Bg7 8. h3 O-O
9. Bg5 a6 10. a4 Nbd7 11. Nf3 Re8 12. O-O Qe7 13. Nd2 h6 14. Be3 Ne5 15. Be2 g5
16. f4 gxf4 17. Bxf4 Nfd7 18. Bh5 Rf8 19. Bh2 Rb8 20. Qe2 Nf6 21. Nd1 b5 22.
axb5 Rxb5 23. Bf3 Rb4 24. Re1 Re8 25. Bxe5 Qxe5 26. Kh1 Qg3 27. Nf1 Qh4 28. Nc3
Re5 29. Rad1 h5 30. Rd2 Ng4 31. Nh2 Nxh2 32. Kxh2 Rg5 33. Rh1 Rxb2 34. Rxb2
Qxh3+ 35. Kg1 Bd4+ 36. Qf2 Qxf3 0-1

[Event "Dr Geza Hetenyi Mem GM"]
[Site "Budapest HUN"]
[Date "2017.12.20"]
[Round "8.2"]
[White "Gledura, Benjamin"]
[Black "Berkes, Ferenc"]
[Result "1/2-1/2"]
[WhiteTitle "GM"]
[BlackTitle "GM"]
[WhiteElo "2613"]
[BlackElo "2658"]
[WhiteFideId "712779"]
[BlackFideId "718572"]
[EventDate "2017.12.12"]

1. e4 c6 2. d4 d5 3. e5 Bf5 4. Nd2 e6 5. Nb3 Nd7 6. Nf3 c5 7. dxc5 Bxc5 8. Nxc5
Qa5+ 9. c3 Qxc5 10. Be2 Ne7 11. O-O O-O 12. Re1 Qb6 13. Bf1 Nc6 14. Nd4 Bg6 15.
Nxc6 bxc6 16. h4 h6 17. h5 Bh7 18. b3 a5 19. Bf4 Kh8 20. Qd2 c5 21. Re3 a4 22.
b4 a3 23. Bd3 Rg8 24. Bxh7 Kxh7 25. Rb1 Qa6 26. Rg3 Qc4 27. Qc2+ Kh8 28. Qd2 Qe4
29. Re1 Qh7 30. c4 Nb6 31. cxd5 Nxd5 32. bxc5 Rgb8 33. c6 Rb4 34. Rf3 Rc8 35.
Rc1 Rb2 36. Qa5 Rxa2 37. Qa6 Qg8 38. Qc4 Rb2 39. Ra1 Rb6 40. Raxa3 Rbxc6 41. Qd3
Qd8 42. g3 Kg8 43. Bd2 Qc7 44. Qd4 Rc5 45. Kg2 Rd8 46. Qa1 Qe7 47. Ra7 Rc7 48.
Rxc7 Nxc7 49. Be3 Ra8 50. Qc3 Qd7 51. Qb3 Nd5 52. Bd4 Qc6 53. Kh2 Qa6 54. Kg2
Rc8 55. Qa3 Qc6 56. Qa7 Qe8 57. Rb3 Kh7 58. Kh2 Rc1 59. Rb8 Qc6 60. Qb7 Ne7 61.
Qxc6 Nxc6 62. Rc8 Rc2 63. Be3 Rc4 64. g4 Nxe5 65. Rxc4 Nxc4 66. Bd4 g6 67. hxg6+
Kxg6 68. Kg3 h5 69. gxh5+ Kxh5 70. Kf4 Kg6 71. Bc3 f6 72. f3 Nb6 73. Bb2 Nd5+
74. Ke4 Ne7 75. Kf4 Nc6 76. Ke4 Nd8 77. Bc3 Nf7 78. Bb2 e5 79. Ke3 Nd6 80. Bc3
Kf5 81. Bb4 Nc4+ 82. Kd3 Nb6 83. Bd2 Nd5 84. Bc1 Nf4+ 85. Ke3 Ke6 86. Bd2 Kd5
87. Ba5 f5 88. Bc7 Ne6 89. Bb8 Nc5 90. Bc7 Nd7 91. Ba5 Nb8 92. Bc7 Nc6 93. Bb6
f4+ 94. Kf2 Kc4 95. Bc7 Kd3 96. Bd6 Kd2 97. Bc7 Kd1 98. Kf1 Kc2 99. Ke2 Kc3 100.
Bd6 Kc4 101. Bc7 Kd5 102. Kf2 Nd4 103. Bb8 Ke6 104. Bc7 Kf5 105. Bd6 Nc2 106.
Bb8 Ne3 107. Bc7 Nc4 108. Ke2 Ke6 1/2-1/2

[Event "Dr Geza Hetenyi Mem GM"]
[Site "Budapest HUN"]
[Date "2017.12.20"]
[Round "8.3"]
[White "Vajda, Levente"]
[Black "Ruck, Robert"]
[Result "1/2-1/2"]
[WhiteTitle "GM"]
[BlackTitle "GM"]
[WhiteElo "2579"]
[BlackElo "2529"]
[WhiteFideId "1203975"]
[BlackFideId "705713"]
[EventDate "2017.12.12"]

1. e4 c6 2. d4 d5 3. e5 Bf5 4. Nf3 e6 5. Be2 c5 6. O-O Nc6 7. c3 Bg4 8. Nbd2
cxd4 9. Nxd4 Bxe2 10. Qxe2 Nge7 11. N2b3 Nxd4 12. cxd4 Nc6 13. Rd1 Qd7 14. Rd3
Rc8 15. Bd2 Be7 16. Rg3 g6 17. Bh6 b6 18. Qd2 Bf8 19. Rf3 Bxh6 20. Qxh6 Ne7 21.
Qg7 Rf8 22. Qxh7 Qb5 23. Qh6 Qe2 24. Rc3 Rc4 25. Qc1 Kd7 26. Rxc4 dxc4 27. Nd2
Rc8 28. Nb1 Nf5 29. Nc3 Qd3 30. Qe1 Qc2 31. Rb1 a6 32. h3 b5 33. a3 Ke8 34. d5
exd5 35. Nxd5 Kf8 36. Nb4 Qa4 37. Qc3 Rd8 38. Kh2 a5 39. e6 Rd6 40. Qh8+ Ke7 41.
Qg8 fxe6 42. Qh7+ Kd8 43. Qh8+ Kd7 44. b3 Qxa3 45. bxc4 axb4 46. c5 Rd4 47. c6+
Kc7 48. Re1 Rd6 49. Ra1 Rxc6 50. Rxa3 bxa3 51. Qa8 b4 52. Qa7+ Kd6 53. g4 Ne7
54. h4 Rc7 55. Qa6+ Nc6 56. Qd3+ Kc5 57. Qe3+ Kb5 58. Qe2+ Kb6 59. Qe3+ Kb5 60.
Qe2+ Kc5 61. Qe3+ Kd5 62. Qf3+ Kd6 63. Qd3+ Kc5 64. Qe3+ 1/2-1/2

[Event "Dr Geza Hetenyi Mem GM"]
[Site "Budapest HUN"]
[Date "2017.12.20"]
[Round "8.4"]
[White "Bauer, Christian"]
[Black "Markus, Robert"]
[Result "1-0"]
[WhiteTitle "GM"]
[BlackTitle "GM"]
[WhiteElo "2647"]
[BlackElo "2617"]
[WhiteFideId "603767"]
[BlackFideId "921637"]
[EventDate "2017.12.12"]

1. d4 Nf6 2. Bf4 d6 3. Nc3 Nbd7 4. Nf3 c5 5. e3 a6 6. a4 b6 7. d5 g6 8. h3 Bg7
9. Be2 O-O 10. O-O Rb8 11. Re1 Ne8 12. Nd2 Nc7 13. Nc4 b5 14. axb5 axb5 15. Na5
Bb7 16. e4 c4 17. Qd2 Re8 18. Bf1 Ba8 19. Bg5 Nc5 20. Na2 N7a6 21. Nb4 Nxb4 22.
Qxb4 Qc7 23. Bf4 f5 24. Nc6 e5 25. Nxb8 Rxb8 26. Be3 Nxe4 27. Ba7 Rb7 28. Qa5
Qe7 29. Be3 Rb8 30. Qxa8 1-0

[Event "Dr Geza Hetenyi Mem GM"]
[Site "Budapest HUN"]
[Date "2017.12.20"]
[Round "8.5"]
[White "Medvegy, Zoltan"]
[Black "Banusz, Tamas"]
[Result "0-1"]
[WhiteTitle "GM"]
[BlackTitle "GM"]
[WhiteElo "2539"]
[BlackElo "2629"]
[WhiteFideId "708402"]
[BlackFideId "722413"]
[EventDate "2017.12.12"]

1. c4 e5 2. Nc3 Nf6 3. Nf3 Nc6 4. e3 Bb4 5. Qc2 Bxc3 6. Qxc3 Qe7 7. Be2 d5 8. d4
exd4 9. Nxd4 Nxd4 10. Qxd4 c5 11. Qh4 Be6 12. cxd5 Nxd5 13. Qa4+ Bd7 14. Bb5 Nc7
15. Bxd7+ Qxd7 16. Qxd7+ Kxd7 17. Ke2 a5 18. a4 Kc6 19. Bd2 Ne8 20. Bc3 f6 21.
h4 h5 22. Kf3 b6 23. Kf4 Kd5 24. Rhd1+ Ke6 25. Rd2 Nd6 26. Rad1 Rad8 27. f3 Nf7
28. e4 Rxd2 29. Rxd2 g6 30. Ke3 Rf8 31. Rd5 Nd6 32. Kd3 Nf5 33. Ke2 Nxh4 34. Kf2
Nf5 35. Bd2 Ne7 36. Rd3 Nc6 37. Bc3 Rd8 38. Rxd8 Nxd8 39. Ke3 Nf7 40. Be1 Nd6
41. Bc3 f5 42. exf5+ Kxf5 43. Bg7 g5 44. Kd3 h4 45. Bc3 Nf7 46. Ke2 Ne5 47. Ke3
Ng6 48. Kf2 Nf4 49. Bg7 c4 50. Bh8 Nd3+ 51. Ke3 g4 52. fxg4+ Kxg4 53. Bf6 Kg3
54. b3 Nc5 55. bxc4 Nxa4 56. Kd4 Nc5 57. Be7 Ne6+ 58. Ke3 a4 59. Ke4 Nf4 60. Bd6
Kxg2 61. Kxf4 0-1

[Event "Dr Geza Hetenyi Mem GM"]
[Site "Budapest HUN"]
[Date "2017.12.21"]
[Round "9.1"]
[White "Banusz, Tamas"]
[Black "Gledura, Benjamin"]
[Result "1/2-1/2"]
[WhiteTitle "GM"]
[BlackTitle "GM"]
[WhiteElo "2629"]
[BlackElo "2613"]
[WhiteFideId "722413"]
[BlackFideId "712779"]
[EventDate "2017.12.12"]

1. c4 Nf6 2. Nf3 g6 3. Nc3 d5 4. cxd5 Nxd5 5. Qc2 Nc6 6. d4 Ndb4 7. Qa4 Bd7 8.
Qd1 e5 9. dxe5 Bf5 10. Bg5 Be7 11. e4 Bg4 12. Bxe7 Qxe7 13. a3 Bxf3 14. gxf3 Rd8
15. Qa4 Nd3+ 16. Bxd3 Rxd3 17. Qb5 Rd4 18. Nd5 Qxe5 19. Qxb7 Rxe4+ 20. Kf1 Qxd5
21. fxe4 Qd3+ 22. Kg1 Qxe4 23. Qa8+ Ke7 24. Qxh8 Nd4 25. h3 Nf3+ 26. Kf1 Nd2+
27. Kg1 Nf3+ 28. Kf1 Nd2+ 29. Kg1 Nf3+ 30. Kf1 1/2-1/2

[Event "Dr Geza Hetenyi Mem GM"]
[Site "Budapest HUN"]
[Date "2017.12.21"]
[Round "9.2"]
[White "Markus, Robert"]
[Black "Medvegy, Zoltan"]
[Result "1/2-1/2"]
[WhiteTitle "GM"]
[BlackTitle "GM"]
[WhiteElo "2617"]
[BlackElo "2539"]
[WhiteFideId "921637"]
[BlackFideId "708402"]
[EventDate "2017.12.12"]

1. d4 Nf6 2. c4 e6 3. Nf3 b6 4. g3 Bb7 5. Bg2 Be7 6. O-O O-O 7. b3 c5 8. Bb2
cxd4 9. Nxd4 Qc8 10. Nc3 Bxg2 11. Kxg2 Qb7+ 12. Kg1 Rd8 13. Qc2 Nc6 14. Nxc6
dxc6 15. Rad1 Rxd1 16. Rxd1 Rd8 17. Rxd8+ Bxd8 18. Ne4 Nxe4 19. Qxe4 Qd7 20. Qd4
Qxd4 21. Bxd4 Bc7 22. f3 f5 23. e4 Kf7 24. Kf2 fxe4 25. fxe4 a6 26. h3 h5 27. g4
hxg4 28. hxg4 b5 29. Kf3 Kg6 30. Bc3 Bd6 31. Bd4 1/2-1/2

[Event "Dr Geza Hetenyi Mem GM"]
[Site "Budapest HUN"]
[Date "2017.12.21"]
[Round "9.3"]
[White "Indjic, Aleksandar"]
[Black "Bauer, Christian"]
[Result "1/2-1/2"]
[WhiteTitle "GM"]
[BlackTitle "GM"]
[WhiteElo "2611"]
[BlackElo "2647"]
[WhiteFideId "911925"]
[BlackFideId "603767"]
[EventDate "2017.12.12"]

1. d4 e6 2. c4 f5 3. a3 Nf6 4. Nc3 Be7 5. g3 O-O 6. Bg2 Nc6 7. e3 d6 8. b4 Qe8
9. Nge2 e5 10. f4 a6 11. O-O e4 12. Bb2 Qh5 13. h3 Bd7 14. d5 Nd8 15. Qd4 c5 16.
bxc5 dxc5 17. Qe5 Re8 18. g4 Qg6 19. d6 Bf8 20. Qxc5 Rc8 21. Qd4 Nc6 22. Qd1
fxg4 23. h4 Na5 24. Nd5 Nxc4 25. Bxf6 gxf6 26. Qd4 Kf7 27. Nc7 Nxd6 28. Nxe8
Rxe8 29. Ng3 f5 30. Rac1 Qf6 31. Rfd1 Qxd4 32. Rxd4 Rc8 33. Rb1 Ke6 34. a4 Rc3
35. Ne2 Rxe3 36. Rd2 Nc4 37. Nd4+ Kf6 38. Rc2 b5 39. axb5 axb5 40. Nxb5 Bc5 41.
Kh2 Na3 42. Nxa3 Bxa3 43. Rb6+ Ke7 44. Rh6 Bd6 45. Rxh7+ Kd8 46. Rh8+ Ke7 47.
Rh7+ Kd8 48. Rh8+ 1/2-1/2

[Event "Dr Geza Hetenyi Mem GM"]
[Site "Budapest HUN"]
[Date "2017.12.21"]
[Round "9.4"]
[White "Ruck, Robert"]
[Black "Aczel, Gergely"]
[Result "0-1"]
[WhiteTitle "GM"]
[BlackTitle "IM"]
[WhiteElo "2529"]
[BlackElo "2549"]
[WhiteFideId "705713"]
[BlackFideId "727709"]
[EventDate "2017.12.12"]

1. Nf3 Nf6 2. c4 e6 3. Nc3 d5 4. d4 Be7 5. Bf4 O-O 6. e3 Nbd7 7. Be2 dxc4 8. O-O
Nd5 9. Bxc4 Nxf4 10. exf4 g6 11. Qe2 c6 12. g3 Qa5 13. Rfe1 Nb6 14. Bb3 Qh5 15.
Ne4 Bd7 16. Rac1 Rad8 17. Kg2 Bc8 18. a3 Nd5 19. Qc2 Rfe8 20. Ne5 Kg7 21. Qd2
Kg8 22. h4 Qh6 23. h5 gxh5 24. Rh1 f6 25. Nf3 Kh8 26. Rh4 e5 27. Rch1 Qg6 28.
Rxh5 Nxf4+ 29. Kf1 Nxh5 30. Bc2 Bg4 31. Nd6 Qg8 32. Nxe8 Bxf3 33. Qh6 Rxe8 0-1

[Event "Dr Geza Hetenyi Mem GM"]
[Site "Budapest HUN"]
[Date "2017.12.21"]
[Round "9.5"]
[White "Berkes, Ferenc"]
[Black "Vajda, Levente"]
[Result "1/2-1/2"]
[WhiteTitle "GM"]
[BlackTitle "GM"]
[WhiteElo "2658"]
[BlackElo "2579"]
[WhiteFideId "718572"]
[BlackFideId "1203975"]
[EventDate "2017.12.12"]

1. d4 Nf6 2. Nf3 g6 3. Bg5 Bg7 4. Nbd2 h6 5. Bh4 O-O 6. c3 d6 7. e4 Nc6 8. Bb5
a6 9. Bxc6 bxc6 10. O-O a5 11. Re1 Nh5 12. Nc4 a4 13. Nfd2 Nf4 14. Bg3 Nh5 15.
Bh4 Nf4 16. Bg3 Nh5 17. Bh4 1/2-1/2